| 000 | 01494nam a22003017a 4500 | ||
|---|---|---|---|
| 003 | DO-SdBNP | ||
| 005 | 20240306184406.0 | ||
| 007 | ta | ||
| 008 | 210707e2022 dr a|||er|||| 001 0 spa d | ||
| 020 | _a9789945921281 | ||
| 040 |
_aDO-SdBNP _bspa _cBNPHU |
||
| 082 | 4 |
_axxx _bI59s _222 |
|
| 110 | 2 |
_aInstituto Superior de Formación Docente Salomé Ureña _980965 |
|
| 245 | 1 | 0 |
_aPreparación para ingreso a la carrera de educación prepa k-12 : _blectura y redación, guía para estudiantes |
| 260 |
_aSanto Domingo : _bInstituto Superior de Formación Docente Salomé Ureña, _c2022. |
||
| 300 |
_a181 p. : _bil. ; _c29 cm. |
||
| 490 | 1 | _a Académicas ; | |
| 490 | 1 | _aGuías didácticas | |
| 500 | _a2 Obras encuadernadas juntas, lectura y redacción y razonamiento matemático | ||
| 520 | 2 | _aPrólogo.-- Análisis de la práctica y la pasantía profesional. / Cheila Valera Acosta.-- La experiencia formativa del practicum en el ISFODOSU / Rosa Kranwinkel y Carmen Gálvez.-- La práctica docente en el ISFODOSU de la República Dominicana. / María del Carmen, Báez, Martha, Ortiana Serrata, Cheila Valera Acosta y Romelia Colón.-- Lineamientos del Sistema de Prácticas Docentes. | |
| 590 | _aInventariado 2021 / MF | ||
| 650 | 1 | 4 |
_aEducación como profesión _zRepública Dominicana _979118 |
| 650 | 1 | 4 |
_aCapacitación docente _zRepública Dominicana _979119 |
| 830 | 0 |
_975873 _aAcadémicas ; |
|
| 830 | 0 |
_nGuías didácticas _979120 |
|
| 910 | _aDG | ||
| 942 |
_2ddc _cLBS1 |
||
| 999 |
_c52768 _d52768 |
||